Normal view MARC view
  • Tariq, Sana

Entry Personal Name

Number of records used in: 2

001 - CONTROL NUMBER

  • control field: 34927

003 - CONTROL NUMBER IDENTIFIER

  • control field: NUST

005 - DATE AND TIME OF LATEST TRANSACTION

  • control field: 20201109114649.0

008 - FIXED-LENGTH DATA ELEMENTS

  • fixed length control field: 201109|| aca||aabn | a|a d

040 ## - CATALOGING SOURCE

  • Original cataloging agency: NUST
  • Transcribing agency: NUST

100 ## - HEADING--PERSONAL NAME

  • Personal name: Tariq, Sana

670 ## - SOURCE DATA FOUND

  • Source citation: Work cat.: (NUST): Tariq, Sana, Convexity Analysis for Multiband Sensing of Complex Gaussian Signal in Cognitive Radios /
© 2023 Central Library, National University of Sciences and Technology. All Rights Reserved.